000 00294nam a22001337a 4500
008 171002b xxu||||| |||| 00| 0 eng d
020 _a9780131191709
041 _aeng
080 _28TH
_a37
100 _a47
101 _aEDU
245 _aEXCEPTIONAL CHILDREN
_cHEWARD,W.L
942 _2udc
_cBK
999 _c31058
_d31058